000 00467nam a22001577a 4500
003 OSt
005 20140311163157.0
008 140226t xxu||||| |||| 00| 0 eng d
050 _aQA 276.12
_b.F737 1993
100 _aFrechette, Ellen
_930687
245 _aAnalyzing data :
_bthe real world of adult math /
_cEllen Frechette.
260 _aChicago, Ill. :
_bContemporary Books,
_c1993.
300 _a186 p. :
_bill. ;
_c28 cm.
942 _2lcc
_cBK-TR
999 _c42408
_d42408